Mujer en puestos directivos: son pocas las elegidas

Salvato in:
Dettagli Bibliografici
Natura: testo
Soggetti:
Tags: Aggiungi Tag
Nessun Tag, puoi essere il primo ad aggiungerne!!

MARC

LEADER 00000 a a2200000 04500
001 18670
003
040
245 |a Mujer en puestos directivos:   |b son pocas las elegidas  
650 |a OIT  
650 |a MUJERES  
650 |a EMPLEO  
650 |a DISCRIMINACION BASADA EN EL SEXO  
650 |a RECURSOS HUMANOS  
650 |a TRABAJO  
773 |g número 23; páginas 6-8  
999 |c 34573  |d 34573